Normal view
MARC view
Entry Personal Name
001 - CONTROL NUMBER
- control field: 83672
003 - CONTROL NUMBER IDENTIFIER
- control field: OSt
005 - DATE AND TIME OF LATEST TRANSACTION
- control field: 20260211165137.0
008 - FIXED-LENGTH DATA ELEMENTS
- fixed length control field: 260211|| aca||aabn | a|a d
040 ## - CATALOGING SOURCE
- Original cataloging agency: OSt
- Transcribing agency: OSt
100 ## - HEADING--PERSONAL NAME
- Personal name: Jain, Dr. Komal
670 ## - SOURCE DATA FOUND
- Source citation: Work cat.: (OSt)68617: Jain, Dr. Komal, Electoral Reforms In India , 2022









